Greek islands Quiz Stats

 Plays Quiz not verified by Sporcle

Challenge
Share
Tweet
Embed
Score 0/21 Timer 10:00
0 Plays Today
Island % Correct
Crete
95.5%
Rhodes
86%
Lesvos
83.3%
Corfu
79.5%
Naxos
67.8%
Samos
65.9%
Kos
64.8%
Kefalonia
58.3%
Zakynthos
58.3%
Euboea
56.1%
Lemnos
53%
Island % Correct
Andros
53%
Paros
48.9%
Thassos
45.1%
Tinos
44.3%
Karpathos
40.5%
Lefkada
37.5%
Skyros
36%
Khíos
31.1%
Icaria
29.5%
Kythira
26.9%

You're not logged in!

Compare scores with friends on all Sporcle quizzes.
OR
Log In

You Might Also Like...

Show Comments

Extras

Created Mar 22, 2011ReportNominate
Tags:greece, Greek, island, lesbian, size

Top Quizzes Today


Score Distribution

Your Account Isn't Verified!

In order to create a playlist on Sporcle, you need to verify the email address you used during registration. Go to your Sporcle Settings to finish the process.

Report this User

Report this user for behavior that violates our Community Guidelines.

Details: